| 000 | 02553nam a2200697 i 4500 | ||
|---|---|---|---|
| 001 | 991053166531805066 | ||
| 003 | NyNyJPI | ||
| 005 | 20260410165431.0 | ||
| 008 | 251209s2025 pl ho |001 0 pol c | ||
| 009 | b1000007552050 | ||
| 015 | _aUWD 2026/2650 | ||
| 020 |
_a9788381969857 _q(oprawa miękka) |
||
| 020 |
_z9788381969864 _q(całość) : _czł 219 |
||
| 035 | _a(PL)b1000007552050 | ||
| 035 | _a(EXLNZ-48OMNIS_NETWORK)9915231862705606 | ||
| 040 |
_aGD U _cGD U _dGD U _dWA U _dPOZN M _dŁ M _dWA N _dGD U _dKR U _dWA N _dKR U _dLUBL KUL _dLUBL U |
||
| 045 | 2 |
_bd1608 _bd2020 |
|
| 046 |
_k2025 _o1608 _p2020 |
||
| 080 |
_81.1\x _a94(73) |
||
| 080 |
_81.2\x _a314.15-026.49(=162.1) |
||
| 080 |
_81.2\x _a(093) |
||
| 084 | _a01 | ||
| 245 | 0 | 0 |
_aPolonia amerykańska o sobie : _bźródła do historii 1608-2020 / _cpod redakcją Anny Jaroszyńskiej-Kirchmann i Jamesa S. Puli. |
| 250 | _aWydanie pierwsze. | ||
| 260 |
_aWarszawa : _bPaństwowy Instytut Wydawniczy, _c2025. |
||
| 300 |
_a616 stron : _bfaksymilia, fotografie ; _c24 cm. |
||
| 336 |
_aTekst _btxt _2rdacontent |
||
| 337 |
_aBez urządzenia pośredniczącego _bn _2rdamedia |
||
| 338 |
_aWolumin _bnc _2rdacarrier |
||
| 380 | _aKsiążki | ||
| 380 | _aPublikacje naukowe | ||
| 388 | 1 | _a1601-1700 | |
| 388 | 1 | _a1701-1800 | |
| 388 | 1 | _a1801-1900 | |
| 388 | 1 | _a1901-2000 | |
| 388 | 1 | _a2001- | |
| 500 | _aWydane w etui w komplecie z: Chleb i nadzieja : Polonia amerykańska do 1939 roku / Adam Walaszek oraz Fale i pokolenia : Polonia amerykańska po 1939 roku / Joanna Wojdon | ||
| 504 | _aBibliografia na stronach 591-598. Indeks. | ||
| 530 | _aKsiążka dostępna jako e-book. | ||
| 536 | _aWspółfinansowanie: Narodowe Centrum Nauki, Ministerstwo Kultury i Dziedzictwa Narodowego (Polska) | ||
| 648 | 7 |
_a1601-1700 _2DBN |
|
| 648 | 7 |
_a1701-1800 _2DBN |
|
| 648 | 7 |
_a1801-1900 _2DBN |
|
| 648 | 7 |
_a1901-2000 _2DBN |
|
| 648 | 7 |
_a2001- _2DBN |
|
| 650 | 7 |
_aObyczaje i zwyczaje _2DBN |
|
| 650 | 7 |
_aPolacy za granicą _2DBN |
|
| 650 | 7 |
_aStosunki etniczne _2DBN |
|
| 650 | 7 |
_aTożsamość narodowa _2DBN |
|
| 650 | 0 |
_aPolish Americans _xHistory _vSources. |
|
| 651 | 7 |
_aStany Zjednoczone (USA) _2DBN |
|
| 655 | 7 |
_aAntologia _2DBN |
|
| 655 | 7 |
_aDokumenty _2DBN |
|
| 655 | 7 |
_aMiscellanea _2DBN |
|
| 655 | 7 |
_aWydawnictwo źródłowe _2DBN |
|
| 658 | _aHistoria | ||
| 700 | 1 |
_aJaroszyńska-Kirchmann, Anna D. _d(1960- ) _eRedakcja |
|
| 700 | 1 |
_aPula, James S. _d(1946- ) _eRedakcja |
|
| 710 | 2 |
_aPaństwowy Instytut Wydawniczy _eWydawca _4pbl |
|
| 942 |
_2z _cBK _n0 |
||
| 999 |
_c91092 _d91092 |
||